Landkreise in Bayern - Sudden Death - Statistiken

Allgemein
  • Dieses Quiz wurde 263 mal gespielt
  • Das Durchschnittsergebnis liegt bei 8 aus 19
Answers on the Grid
Answers color-coded by a green-red scale on the quiz's grid according to % correct below.
Bamberg
Oberpfalz
Ulm
Freising
Schwandorf
Würzburg
Bad Reichenhall
Friedrichshafen
Aichach-Friedberg
Günzburg
Dachau-Fürstenfeldbruck
Landshut
Westallgäu
Cham
Alb-Donau-Kreis
Kelheim
Weilheim-Schongau
Bad Kissingen
Rosenheim
Mindelheim
Erlangen-Höchstadt
Rothenburg ob der Tauber
Ansbach-Sulzbach
Eichstätt
Roth
Traunreut
Kronach
Braunau am Inn
Germering
Altmühlkreis
Lichtenfels
Hof
Meiningen
Landsberg am Lech
Füssen
Main-Rhön-Kreis
 
Antwortstatistiken
Antwort % Korrekt
Würzburg
53%
Rosenheim
52%
Hof
47%
Bamberg
45%
Landsberg am Lech
43%
Landshut
43%
Freising
42%
Aichach-Friedberg
41%
Eichstätt
41%
Erlangen-Höchstadt
40%
Cham
39%
Günzburg
38%
Kelheim
38%
Kronach
36%
Weilheim-Schongau
36%
Roth
35%
Schwandorf
35%
Lichtenfels
33%
Bad Kissingen
32%
Keine übereinstimmenden Quizze gefunden
Verteilung der Resultate
Anzahl Personen mit jedem Resultat
Perzentil nach korrekt beantworteten Fragen
Ihre Resultats-Entwicklung
Sie haben dieses Quiz noch nicht gespielt